LEADER 01297nam a2200289 4500 001 000000331809 003 CaOOAMICUS 005 20181221101119.0 008 181219s2006 fr 000 u fre r 020 $a2-13-055887-9 040 $aSeMil$bita 100 1 $aAnzieu, Didier ,$d<1923-1999>.$0(OLS)http://semarc/name/108753 245 13$aLa dynamique des groupes restreints /$cDidier Anzieu, Jacques-Yves Martin. 264 1$aParis :$bPresses Universitaires de France,$c2006. 300 $a397 p. ;$c20 cm 490 1 $aQuadrige. Manuels 650 4$aPsicologia sociale.$0(OLS)http://semarc/subject/627 650 4$aGruppo - Psicologia.$0(OLS)http://semarc/subject/16066 650 4$aDinamica di gruppo.$0(OLS)http://semarc/subject/10448 700 1 $aMartin, Jacques-Yves,$d<1916-1994>.$0(OLS)http://semarc/name/108754 830 0$aQuadrige. Manuels.$0(OLS)http://semarc/title/400208 850 $aSeMil 852 $aSeMil$W1$xVenegono$y1$m2Q II 516$j210722$B224538$CSeMilBibl$Z2$F224538 $81 996 $6020$a2-13-055887-9$9(OLS)http://semarc/number/285998 996 $6245$aLa dynamique des groupes restreints$9(OLS)http://semarc/title/420532 996 $6264$aParis :$bPresses Universitaires de France$9(OLS)http://semarc/publisher/30047 LEADER 01037nam a2200217 i 4500 001 000000251049 003 CaOOAMICUS 005 20160901000000.0 008 160901s1898 it u000 u ita u 013 $a229954 040 $aSeMil$bita 100 1 $aSombart, Werner,$d<1863-1941>.$0(OLS)http://semarc/name/22060 245 10$aSocialismo e movimento sociale nel secolo 19. /$cWerner Sombart ; traduzione autorizzata e riveduta dall'Autore ; con un'appendice: Cronaca del movimento sociale dal 1750 al 1896. 260 $aMilano ; Palermo :$bRemo Sandron,$c1898. 300 $a175 p. ;$c18 cm. 650 4$aSocialismo - Storia - Sec. 19.-20.$0(OLS)http://semarc/subject/6387 650 4$aSocialismo - Europa.$0(OLS)http://semarc/subject/27646 850 $aSeMil 852 $aSeMil$W1$xVenegono$y1$m3M I 17 FA$j201395$B201395$CSeMilBibl$Z2$F213182 $8I 996 $6245$aSocialismo e movimento sociale nel secolo 19.$9(OLS)http://semarc/title/353176 996 $6260$aMilano ; Palermo :$bRemo Sandron$9(OLS)http://semarc/publisher/48928